বৈপ্লবিক দৃষ্টিতে ইসলাম/ (Record no. 17949)
[ view plain ]
| 000 -LEADER | |
|---|---|
| fixed length control field | 00859nam a22002057a 4500 |
| 003 - CONTROL NUMBER IDENTIFIER | |
| control field | BDDh-ASL |
| 005 - DATE AND TIME OF LATEST TRANSACTION | |
| control field | 20231015025648.0 |
| 008 - FIXED-LENGTH DATA ELEMENTS--GENERAL INFORMATION | |
| fixed length control field | 200915b1977 ||||| b||| 00| 0 d |
| 040 ## - CATALOGING SOURCE | |
| Original cataloging agency | BDDh-ASL |
| Transcribing agency | BDDh-ASL |
| Modifying agency | BDDh-ASL |
| 041 ## - LANGUAGE CODE | |
| Language code of text/sound track or separate title | bengali |
| 082 ## - DEWEY DECIMAL CLASSIFICATION NUMBER | |
| Classification number | 297 |
| Item number | HAB |
| 100 ## - MAIN ENTRY--PERSONAL NAME | |
| 9 (RLIN) | 769 |
| Personal name | হক, শামসুল |
| 245 1# - TITLE STATEMENT | |
| Title | বৈপ্লবিক দৃষ্টিতে ইসলাম/ |
| Statement of responsibility, etc. | শামসুল হক। |
| 246 ## - VARYING FORM OF TITLE | |
| Title proper/short title | Baiplobic Drishtitey Islam. |
| 260 ## - PUBLICATION, DISTRIBUTION, ETC. | |
| Place of publication, distribution, etc. | ঢাকা: |
| Name of publisher, distributor, etc. | ইসলামিক ফাউন্ডেশন, বাংলাদেশ, |
| Date of publication, distribution, etc. | ১৯৭৭। |
| 300 ## - PHYSICAL DESCRIPTION | |
| Extent | ১৬৪ পৃষ্ঠা: |
| Dimensions | ২২ সে. মি.। |
| 504 ## - BIBLIOGRAPHY, ETC. NOTE | |
| Bibliography, etc. note | গ্রন্থপঞ্জি সংযুক্ত । |
| 650 #0 - SUBJECT ADDED ENTRY--TOPICAL TERM | |
| 9 (RLIN) | 770 |
| Topical term or geographic name entry element | ইসলামিক বিপ্লব |
| General subdivision | ইসলাম ধর্ম |
| 942 ## - ADDED ENTRY ELEMENTS (KOHA) | |
| Source of classification or shelving scheme | Dewey Decimal Classification |
| Koha item type | Books |
| Withdrawn status | Lost status | Source of classification or shelving scheme | Damaged status | Not for loan | Collection code | Home library | Current library | Shelving location | Date acquired | Source of acquisition | Total Checkouts | Full call number | Barcode | Date last seen | Copy number | Price effective from | Koha item type |
|---|---|---|---|---|---|---|---|---|---|---|---|---|---|---|---|---|---|
| Dewey Decimal Classification | Non-fiction | Asiatic Society Library | Asiatic Society Library | General Stacks | 09/15/2020 | Donated by Professor Husniara Huq | 297 HAB | 101090 | 09/15/2020 | C-1 | 09/15/2020 | Books |